000 01975 a2200337 4500
001 24509
005 20260407155529.0
008 260407a2013 arg spa d
003 AR-UNSa-BCEJYS
040 _aAR-UNSa-BCEJYS
_bspa
_cAR-UNSa-BCEJYS
080 _a349.6
_xDerecho de protección del medio ambiente
245 1 0 _aLa contaminación fluvial en el derecho internacional
_pCasos recientes en la práctica Sudamericana
020 _a978-987-03-2497-3
264 1 _aBuenos Aires :
_bUniversidad de Buenos Aires. Facultad de Derecho. Departamento de Publicaciones
_c2013
300 _axxiv, 233 p.
_c24 cm.
505 _a1. La protección ambiental internacional y el agua: estado del debate - 2. Conflictos en materia de aguas compartidas - 3- La contaminación transfronteriza de cursos acuáticos: la regulación entre Venezuela y Colombia contra derrames de petróleo - 4. Normas aplicables a la cuenca Matanza-Riachuelo - 5. Sistema internacional de responsabilidad civil e indemnización de daños causados por contaminación por derrames de hidrocarburos transportados en buques tanque - 6. Prevención de la contaminación del medio marino desde fuentes terrestres - 7. Las obligaciones procedimentales en el caso de las plantas de celulosa sobre el Río Uruguay - 8. Lecciones que nos dejó la decisión de la corte internacional de justicia
942 _cBK
590 _aniveau_biblio:m niveau_hierar:0
100 1 _aDel Castillo, Lilian
700 1 _aGasol Varela, Claudia
700 1 _aCapaldo, Griselda
700 1 _aGonzález Lapeyre, Edison
700 1 _aMantecón, Cecilia
700 1 _aGonzález Napolitano, Silvina S.
700 1 _aRovere, Marta Brunilda
700 1 _aSainz Borgo, Juan Carlos
700 1 _aValls, Claudia
700 1 _aValls, Mario
700 1 _aVega, Alejandro
856 4 1 _uhttps://biblioeco.unsa.edu.ar/pmb/images/libros/La Contaminaci?n fluvial den el Derecho Internacional.jpg
_yImagen de portada
_qimage/jpeg
999 _c1191
_d1191